000 02175nam a22003377a 4500
005 20090825120337.0
008 090728t xxu||||| |||| 00| 0 pun d
010 _aPUN-6513 B-425790-794
020 _c150.00
_a9789350171325
035 _aPN-5631 B-425790-794
037 _bDBAD / PUB
037 _bk.k.publications(vendor)
040 _adpl
_bpn
082 _a
100 _924414
_aਬਲੀਜੀਤ
245 _aਇਬਾਰਤਾਂ /
_cਬਲੀਜੀਤ
246 _aIbaarat
_bby Balijeet
260 _aਚੰਡੀਗਡ਼
_bਲੋਕਗੀਤ ਪ੍ਰਕਾਸ਼ਨ
_c2010
270 _as.c.o-26-27, Sector-34-A,
_bਚੰਡੀਗਡ਼
_e160022
_k01624-682954, 09781534406
300 4 _a127 ਸਫੇ
_c22 ਸੇਮੀ (ਸਜਿਲੱਦ)
650 _924412
_aਕਹਾਣਿਯਾਂ
650 _aStories
_924431
942 _2ddc
_cPN
_h
_mਬਲੀਜੀ
999 _c48890
_d48890